Cours de chimie organique. (Record no. 17212)
[ view plain ]
| 000 -LEADER | |
|---|---|
| fixed length control field | 00406cam a22001571 4500 |
| 040 ## - CATALOGING SOURCE | |
| Transcribing agency | CLU |
| 082 ## - DEWEY DECIMAL CLASSIFICATION NUMBER | |
| Classification number | 547 GAU 1966 A060 Or. |
| 100 1# - MAIN ENTRY--AUTHOR NAME | |
| Personal name | Arnaud, Paul. |
| 245 10 - TITLE STATEMENT | |
| Title | Cours de chimie organique. |
| 250 ## - EDITION STATEMENT | |
| Edition statement | 3. éd. |
| 260 ## - PUBLICATION, DISTRIBUTION, ETC. (IMPRINT) | |
| Place of publication | Paris, |
| Name of publisher | Gauthier-Villars, |
| Year of publication | 1966. |
| 300 ## - PHYSICAL DESCRIPTION | |
| Number of Pages | 333 p. |
| Other physical details | illus. |
| Dimensions | 24 cm. |
| 490 0# - SERIES STATEMENT | |
| Series statement | Collection Enseignement de la chimie |
| 650 #0 - SUBJECT ADDED ENTRY--TOPICAL TERM | |
| Topical Term | Chemistry, Organic. |
| 942 ## - ADDED ENTRY ELEMENTS (KOHA) | |
| Koha item type | សៀវភៅភាសាអង់គ្លេស |
| 952 ## - LOCATION AND ITEM INFORMATION (KOHA) | |
| Withdrawn status [LOCAL, KOHA] | 0 |
| Permanent Location | Date acquired | Koha item type | Lost status | Shelving location | Barcode | Current Location | Full call number |
|---|---|---|---|---|---|---|---|
| Library Block A | 2018-09-05 | សៀវភៅភាសាបារាំង | A060 | A16766 | Library Block A | 547 GAU 1966 A060 Or. |